000 00331nam a2200133Ia 4500
005 20260328101520.0
008 260328s9999||||xx |||||||||||||| ||und||
100 _aPortier, Suzanne
245 0 _aBourges :
_b Cathedrale du coeur de France /
_cSuzanne Portier
260 _b----
300 _a70 p.
650 _aGÓTICO
942 _cBK
999 _c9570
_d9570